000 00599nam a22001937a 4500
005 20220518092817.0
008 220516b ||||| |||| 00| 0 eng d
020 _a9789386418128
040 _cAIMIT LIBRARY
082 _2005.41
_a1
_bBHAS
100 _aBharadwaj, S K.
_937114
245 _aModern control systems with advanced topics /
_cBy S K Bharadwaj and S K Nagar.
250 _a1st ed.
260 _aLondon :
_bNew age international(P) ltd ,
_c2019.
300 _axx,791p. ;
_bPB
650 _aModern control
_937115
700 _aNagar, S K.
_937116
942 _2ddc
_cBK
_e1st
_k005.41 GHAS
999 _c222934
_d222934